| 000 | 01118nam a22003257a 4500 | ||
|---|---|---|---|
| 003 | CHAP | ||
| 005 | 20220329135727.0 | ||
| 008 | 971013s1976 r 00010 d | ||
| 010 | _a41164 | ||
| 011 | _a42136 | ||
| 035 | _a46263 | ||
| 040 | _cCHAP | ||
| 082 |
_a036 _bE54 |
||
| 245 | _aEnciclopedia Salvat diccionario | ||
| 260 |
_aBarcelona : _bSalvat, _c1976 |
||
| 300 | _av. | ||
| 500 | _aLa biblioteca tiene : v.3-9 | ||
| 590 |
_aBATCH-UPD _b10 _c20130110 _lUCH01 _h1850 |
||
| 590 |
_aCONVERSION _b10 _c20130109 _lUCH01 _h1323 |
||
| 650 | 1 | 4 |
_aEnciclopedias y diccionarios. _936750 |
| 901 | _aBK | ||
| 942 | _cLIBRO | ||
| 949 |
_a036 E54 _bBC _cC _d33724000481826 _eC _fv.6 _i46263 _si |
||
| 949 |
_a036 E54 _bBC _cC _d33724000481842 _eC _fv.7 _h43654 _i46263 _si |
||
| 949 |
_a036 E54 _bBC _cC _d33724000481859 _eC _fv.8 _h43715 _i46263 _sb |
||
| 949 |
_a036 E54 _bBC _cC _d33724000580197 _eC _fv.9 _h43755 _i46263 _sb |
||
| 949 |
_a036 E54 _bBC _cC _d33724000746277 _eC _fv.3 _h43633 _i46263 _sb |
||
| 949 |
_a036 E54 _bBC _cC _d33724000804506 _eC _fv.5 _h43652 _i46263 _sb |
||
| 949 |
_a036 E54 _bBC _cC _d33724002019819 _eC _fv.4 _h43634 _i46263 _si |
||
| 999 |
_c41164 _d41164 |
||